000 00297nam a22001337a 4500
008 181019b xxu||||| |||| 00| 0 eng d
020 _a9780155080577
041 _aeng
080 _23rd
_a159.9
100 _a48
101 _aPSI
245 _aCognitive Psychology
_cMedin,D.L
942 _2udc
_cBK
999 _c50189
_d50189